Για τη μεταπολεμική μας πεζογραφία : κριτικές καταθέσεις
Αποθηκεύτηκε σε:
| Κύριος συγγραφέας: | |
|---|---|
| Μορφή: | Βιβλίο |
| Γλώσσα: | Greek |
| Δημοσίευση: |
Αθήνα :
Στιγμή,
1989
|
| Θέματα: | |
| Ετικέτες: |
Προσθήκη ετικέτας
Δεν υπάρχουν, Καταχωρήστε ετικέτα πρώτοι!
|
MARC
| LEADER | 00000nam a2200000 i 4500 | ||
|---|---|---|---|
| 001 | 1/85069 | ||
| 008 | 950216s1989 gre d | ||
| 035 | |a 1992 |b 1 |c Αναγνωστοπούλου |l 10034604 | ||
| 040 | |a GR-MY-UA |b gre |e aacr | ||
| 041 | 0 | |a gre | |
| 082 | 0 | |a 889.3092 | |
| 100 | 1 | |a Μουλλάς, Παναγιώτης |d 1935- | |
| 245 | 1 | 0 | |a Για τη μεταπολεμική μας πεζογραφία : |b κριτικές καταθέσεις / |c Παναγιώτης Μουλλάς |
| 260 | |a Αθήνα : |b Στιγμή, |c 1989 | ||
| 300 | |a 142 σ. | ||
| 650 | 0 | 0 | |a Greek prose literature, Modern. |
| 650 | 0 | 0 | |a Greek literature |x Themes, motives. |
| 852 | |a INST |b LESVOS |e 19950216 |h 889.3092 ΜΟΥ |p 005100002907 |q 005100002907 |t BK |y 0 | ||
| 852 | |a INST |b RHODES |e 19960910 |h 889.3092 ΜΟΥ |p 005400008173 |q 005400008173 |t BK |y 0 | ||
| 909 | |a Ρ |b 022534 |c 1992 | ||
| 909 | |a Λ |b 025150 | ||